000 00703nam a2200253Ia 4500
003 OSt
005 20220925204955.0
006 a|||||r|||| 00| 0
007 ta
008 220923b |||||||| |||| 00| 0 eng d
037 _cGeneral Book
040 _aRTL
_cRTL
_beng
041 _2eng
_aeng
082 _aU35:(G:5), M3
100 _aHolzner Wand others Ed.
_9269373
245 0 _aMan's impact on vegetation
260 _aHague
_bW Junk Publishers
_c1983
300 _axii, 370p
_ccm.
490 _aGeobotany; 5
500 _aBibliography Chapterwise
650 _aBiogeography
942 _hU35:(G:5), M3
_cGB
_2CC
999 _c550895
_d550895